Catálogo
 En Linea

Potencialidades de investigación y docencia iberoamericanas en ciencias bibliotecológica y de la información. Memoria / (Registro nro. 20004)

Detalles MARC
000 -CABECERA
campo de control de longitud fija 00979nam a2200217 a 4500
001 - NÚMERO DE CONTROL
campo de control 000020500
005 - FECHA Y HORA DE LA ÚLTIMA TRANSACCIÓN
campo de control 20200930011123.0
008 - DATOS DE LONGITUD FIJA--INFORMACIÓN GENERAL
campo de control de longitud fija 100322s2010 mx 000 0 spa d
020 ## - NÚMERO INTERNACIONAL ESTÁNDAR DEL LIBRO
Número Internacional Estándar del Libro 9786070207518
040 ## - FUENTE DE LA CATALOGACIÓN
Centro catalogador/agencia de origen DO-SdBNP
Lengua de catalogación spa
Centro/agencia transcriptor BNPHU
082 ## - NÚMERO DE LA CLASIFICACIÓN DECIMAL DEWEY
Número de clasificación xxxx
Número de documento/Ítem P861
245 00 - MENCIÓN DE TÍTULO
Título Potencialidades de investigación y docencia iberoamericanas en ciencias bibliotecológica y de la información. Memoria /
Mención de responsabilidad, etc. coordinador Salvador Gorbea Portal ; prólogo Elías Sanz Casado.
260 ## - PUBLICACIÓN, DISTRIBUCIÓN, ETC.
Lugar de publicación, distribución, etc. México :
Nombre del editor, distribuidor, etc. Universidad Nacional Autónoma de México,
Fecha de publicación, distribución, etc. 2010.
300 ## - DESCRIPCIÓN FÍSICA
Extensión 513 p. : ;
Dimensiones 22 cm.
490 0# - MENCIÓN DE SERIE
Mención de serie Sistemas bibliotecarios de información y sociedad
490 0# - MENCIÓN DE SERIE
Mención de serie Centro Universitario de Investigaciones Bibliotecológicas
700 1# - PUNTO DE ACCESO ADICIONAL--NOMBRE DE PERSONA
Nombre de persona Gorbea Portal, Salvador
Término indicativo de función/relación coordinador
9 (RLIN) 43203
700 1# - PUNTO DE ACCESO ADICIONAL--NOMBRE DE PERSONA
Nombre de persona Sanz Casado, Elías
Término indicativo de función/relación prol.
9 (RLIN) 43204
830 #0 - PUNTO DE ACCESO ADICIONAL DE SERIE-TÍTULO UNIFORME
Título uniforme Sistemas bibliotecarios de información y sociedad
9 (RLIN) 43205
830 #0 - PUNTO DE ACCESO ADICIONAL DE SERIE-TÍTULO UNIFORME
Título uniforme Centro Universitario de Investigaciones Bibliotecológicas
9 (RLIN) 43206
Existencias
Estado de retiro Estado de pérdida Restricciones de uso No para préstamo Código de colección Localización permanente Ubicación/localización actual Ubicación en estantería Fecha de adquisición Número de inventario Total de préstamos Signatura topográfica completa Código de barras Fecha visto por última vez Precio válido a partir de Tipo de ítem Koha
      Excluido de préstamo Monografías: Libros y Folletos General General En catalogación 03.10.2017 LF1   xxxx P861 20500-10 25.06.2020 25.06.2020 No se presta

Con tecnología Koha